| 000 | 00707nmc a2200265 a 4500 | ||
|---|---|---|---|
| 003 | AR-BaBNM | ||
| 005 | 20251128204517.0 | ||
| 008 | 205019s1984 ||||||||||||||000 | spa|| | ||
| 020 | _a950-582-119-0 | ||
| 040 | _cAR-BaBNM | ||
| 100 | 1 | _aRodríguez, Roberto | |
| 245 | 1 | 0 | _aCapacitación en el área laboral |
| 260 |
_aBuenos Aires _bHumanitas _bCentro Latinoamericano de Trabajo Social _c1984 |
||
| 300 | 0 |
_a116 p. _bgráfs. |
|
| 490 | 0 | _aHumanitas-Celats | |
| 500 | 0 | _aAnexo en p. 93-l09 | |
| 500 | 0 | _aNotas p.111-116 | |
| 650 | 4 | _aTRABAJADORES | |
| 650 | 4 | _aEMPRESAS | |
| 650 | 4 | _aSINDICATOS | |
| 653 | 0 | _aCAPACITACION LABORAL | |
| 700 | 1 | _aTesch, Walter | |
| 942 | _cBK | ||
| 998 | _cCarmen | ||
| 999 |
_c7714 _d7714 |
||